000 00504nam a2200181Ia 4500
003 GCL
008 140319s9999 xx 000 0 eng d
040 _aGCL /
_cGCL
082 0 4 _a720.92
_bM C
100 1 _aMEYHOFER , DIRK
245 1 0 _aCONTEMPORARY EUROPEAN ARCHITECTS 2 /
_cMEYHOFER , DIRK
260 _aالمانيا :
_bBENEDIKT TASCHEN ،
_c1994
300 _a176 P ؛
_c29 cm.
650 0 4 _aARCHITECTS
650 0 4 _aARCHITECTURAL DESIGN
650 0 4 _aARCHITECTURAL MODELS
942 _2ddc
_cBK
999 _c21231
_d21231